Normal view
MARC view
- Chaudhary, A.K
Entry Personal Name
001 - CONTROL NUMBER
- control field: 80462
003 - CONTROL NUMBER IDENTIFIER
- control field: NUST
005 - DATE AND TIME OF LATEST TRANSACTION
- control field: 20210628210654.0
008 - FIXED-LENGTH DATA ELEMENTS
- fixed length control field: 210628|| aca||aabn | a|a d
040 ## - CATALOGING SOURCE
- Original cataloging agency: NUST
- Transcribing agency: NUST
100 ## - HEADING--PERSONAL NAME
- Personal name: Chaudhary, A.K
670 ## - SOURCE DATA FOUND
- Source citation: Work cat.: (NUST): Chaudhary, A.K, Encyclopaedia of management information system, 1999
